000 00985cab a2200349 4500
001 ABS48387
008 090401t1993 xxu||||| |||| 00| 0 eng d
035 _a(Sirsi) u66450
041 _aeng
245 _aCentrefolio: M25 : Junctions 1-7
260 _c1993
350 _a0
490 _aCSW - The Property Week
_v43(30 15 April 1993, 25-43(13)
650 _aBROMLEY
650 _aCROYDON
650 _aDARTFORD
650 _aGREENWICH
650 _aINDUSTRIAL MARKET
650 _aInfrastructure
_96246
650 _aLONDON BOROUGHS
650 _aM25 CORRIDOR
650 _aMOTORWAYS
650 _aPROPERTY-COMMERCIAL PROPERTY-OFFICE PROPERTY-OFFICE PROPERTY MARKET
650 _aPLANNING
650 _aPROPERTY-COMMERCIAL PROPERTY-RETAIL PROPERTY-RETAIL PROPERTY MARKET
650 _aROAD TEST
650 _aSEVENOAKS
650 _aTRANSPORT
690 _aPROPERTY-COMMERCIAL PROPERTY-COMMERCIAL PROPERTY MARKET
942 _n0
948 _c04/03/1997
999 _c41513
_d41513